Oxford correspondence workbook

Contents: Letters, faxes.and emails; Content and style; Enquiries; Repliesand quotations; Orders; Payment; Complaints and adjustments; Credit; Banking; Agentsandagencies so; ransportationandshipping Insurance; Miscellaneouscorrespondence; Memosandreports; Personnelappointments

Uloženo v:
Podrobná bibliografie
Hlavní autor: Ashley, A.
Médium: Kniha
Jazyk:Undetermined
Vydáno: New York Oxford University Press 2003
Témata:
Tagy: Přidat tag
Žádné tagy, Buďte první, kdo otaguje tento záznam!
Thư viện lưu trữ: Trung tâm Học liệu Trường Đại học Cần Thơ
LEADER 00855nam a2200193Ia 4500
001 CTU_239023
008 210402s9999 xx 000 0 und d
082 |a 808.6 
082 |b A826 
100 |a Ashley, A. 
245 0 |a Oxford correspondence workbook 
245 0 |c A.Ashley 
260 |a New York 
260 |b Oxford University Press 
260 |c 2003 
520 |a Contents: Letters, faxes.and emails; Content and style; Enquiries; Repliesand quotations; Orders; Payment; Complaints and adjustments; Credit; Banking; Agentsandagencies so; ransportationandshipping Insurance; Miscellaneouscorrespondence; Memosandreports; Personnelappointments 
650 |a Business letters,Commercial correspondence,Thư tính thương mại,Thư tính thương mại 
910 |a Tuyến 
980 |a Trung tâm Học liệu Trường Đại học Cần Thơ